Islamic philosophy A-z / (Record no. 15032)
[ view plain ]
| 000 -LEADER | |
|---|---|
| fixed length control field | 01615nam a2200241 a 4500 |
| 001 - CONTROL NUMBER | |
| control field | ASIN0748620893 |
| 003 - CONTROL NUMBER IDENTIFIER | |
| control field | OSt |
| 005 - DATE AND TIME OF LATEST TRANSACTION | |
| control field | 20170105102909.0 |
| 008 - FIXED-LENGTH DATA ELEMENTS--GENERAL INFORMATION | |
| fixed length control field | 131025s2007 xxu eng d |
| 020 ## - INTERNATIONAL STANDARD BOOK NUMBER | |
| International Standard Book Number | 0748620893 (paperback) |
| Terms of availability | $35.00 |
| 020 ## - INTERNATIONAL STANDARD BOOK NUMBER | |
| International Standard Book Number | 9780748620890 (paperback) |
| 040 ## - CATALOGING SOURCE | |
| Original cataloging agency | A |
| 050 04 - LIBRARY OF CONGRESS CALL NUMBER | |
| Classification number | B741 |
| 082 04 - DEWEY DECIMAL CLASSIFICATION NUMBER | |
| Classification number | 181.0703 |
| Author Mark | GRO 2007 |
| 100 1# - MAIN ENTRY--PERSONAL NAME | |
| Personal name | Groff, Peter. |
| 245 10 - TITLE STATEMENT | |
| Title | Islamic philosophy A-z / |
| Statement of responsibility, etc. | Peter Groff. |
| 260 ## - PUBLICATION, DISTRIBUTION, ETC. | |
| Place of publication, distribution, etc. | [S.l.] : |
| Name of publisher, distributor, etc. | Edinburgh University Press, |
| Date of publication, distribution, etc. | 2007. |
| 300 ## - PHYSICAL DESCRIPTION | |
| Extent | 256 p. ; |
| Dimensions | 20 cm. |
| 520 ## - SUMMARY, ETC. | |
| Summary, etc. | A unique introductory guide to the rich, complex and diverse tradition of Islamic philosophy. Islamic Philosophy A-Z comprises over 100 concise entries, alphabetically ordered and cross-referenced for easy access. All the essential aspects of Islamic philosophy are covered here: key figures, schools, concepts, topics, and issues. Articles on the Peripatetics, Isma'ilis, Illuminationists, Sufis, kalam theologians and later modern thinkers are supplemented by entries on classical Greek influences as well as Jewish philosophers who lived and worked in the Islamic world. Topical entries cover various issues and key positions in all the major areas of philosophy, making clear why the central problems of Islamic philosophy have been, and remain, matters of rational disputation. This book will prove an indispensable resource to anyone who wishes to gain a better understanding of this fascinating intellectual tradition. |
| 650 #0 - SUBJECT ADDED ENTRY--TOPICAL TERM | |
| Topical term or geographic name entry element | Islamic philosophy |
| 856 40 - ELECTRONIC LOCATION AND ACCESS | |
| Materials specified | Amazon.com |
| Uniform Resource Identifier | <a href="http://www.amazon.com/exec/obidos/ASIN/0748620893/chopaconline-20">http://www.amazon.com/exec/obidos/ASIN/0748620893/chopaconline-20</a> |
| 942 ## - ADDED ENTRY ELEMENTS (KOHA) | |
| Source of classification or shelving scheme | |
| Koha item type | Book |
| Withdrawn status | Lost status | Damaged status | Not for loan | Collection code | Permanent Location | Current Location | Shelving location | Date acquired | Total Checkouts | Full call number | Barcode | Date last seen | Price effective from | Koha item type |
|---|---|---|---|---|---|---|---|---|---|---|---|---|---|---|
| Centre for International Peace & Stability (CIPS) | Centre for International Peace & Stability (CIPS) | General Stacks | 10/01/2013 | 181.0703 GRO 2007 | CIPS0001345 | 10/25/2013 | 10/25/2013 | Book |
